| 000 | 00576nam a22001337a 4500 | ||
|---|---|---|---|
| 040 | _cRUA | ||
| 082 | _aAVM SOK 2011 B099 Or.1 | ||
| 100 | _aSOK, CHANSOPHEAP. | ||
| 245 | _aStudy on quality control of pig semen on BVB investment corp, ការសិក្សាអង្កេតពីគុណភាពទឹកកាមជ្រូកនៅក្រុមហ៊ុន BVB INVESTMENT CORP | ||
| 260 |
_aPhnom Penh _bRUA _c2011 |
||
| 300 |
_axii, 41p. _bill. _c29cm. |
||
| 856 | _uhttps://drive.google.com/file/d/1Qqywl4vpNdGAQ0pRJxaPLVD_sfO-OvGP/view?usp=sharing | ||
| 942 | _cAVM | ||
| 999 |
_c2481 _d2481 |
||